El Contrato de Compraventa Internacional (Registro nro. 13823)
[ vista simple ]
| 000 -LÍDER | |
|---|---|
| fixed length control field | 00509nam a2200169 4500 |
| 008 - ELEMENTOS DE LONGITUD FIJA -- INFORMACIÓN GENERAL | |
| fixed length control field | 01994 1994 0x 000 0MEX |
| 020 ## - NÚMERO INTERNACIONAL NORMALIZADO PARA LIBROS | |
| ISBN | 970-10-0507-4 |
| 050 ## - SIGNATURA TOPOGRAFICA DE LA BIBLIOTECA DEL CONGRESO (LC) | |
| Número de Clasificación | K1030 4 A33 |
| 082 ## - NUMERO DE CLASIFICACION DECIMAL DEWEY | |
| Número de Clasificación | 346.022 A523c |
| 100 ## - ASIENTO PRINCIPAL--NOMBRE PERSONAL | |
| Nombre personal | Adame Goddard, Jorge |
| 245 ## - TÍTULO | |
| Título | El Contrato de Compraventa Internacional |
| 260 ## - PUBLICACIÓN, DISTRIBUCIÓN, ETC. (PIE DE IMPRENTA) | |
| Lugar de publicación, distribución, etc. | México : McGraw-Hill |
| 300 ## - DESCRIPCIÓN FÍSICA | |
| Extensión | XIX, 495 p. / 24cm |
| 440 ## - | |
| -- | Serie Jurídica |
| 500 ## - NOTA GENERAL | |
| Nota general | Incluye índice y Apendice |
| 650 ## - ASIENTO SECUNDARIO DE MATERIA - TERMINO TEMÁTICO | |
| Término temático o nombre geográfico como elemento de entrada | 1. CONTRATOS DE VENTA AL EXTERIOR 2. COMPRAVENTA |
| No. biblioteca | No. biblioteca | Número de clasificación | Código de barras/Número de adquisición | Número de copia | Tipo de material |
|---|---|---|---|---|---|
| LUIS G. INCLAN | LUIS G. INCLAN | 346.022 A523c | 26937 | 1 | Libros |
